| 000 | 00790nam a2200265 a 4500 | ||
|---|---|---|---|
| 001 | BRL_1190 | ||
| 005 | 20190320211057.0 | ||
| 008 | 221113s1976----it-a######---#000-0#eng-# | ||
| 041 | _aeng | ||
| 044 | _ait | ||
| 050 | 4 |
_aNA4830 _b.C37 1976 |
|
| 100 | 1 |
_aCarli, Enzo _916521 |
|
| 245 | 1 | 0 |
_aThe Cathedral of Siena and the Cathedral Museum _cEnzo Carli. |
| 260 |
_aItaly _bEdizioni Scala _c1976 |
||
| 300 |
_a96 p. _bil. (algunas a color) _c24 cm. |
||
| 500 | _aAu1378 | ||
| 504 | _aBibliografía: p. 96 | ||
| 650 | 1 | 4 |
_aCatedrales _zSiena (Italia) _926066 |
| 650 | 1 | 4 |
_aArte _zSiena (Italia) _926067 |
| 650 | 1 | 4 |
_aArte y simbolismo cristiano _zSiena (Italia) _925991 |
| 740 | 0 | _aLa Catedral de Siena | |
| 740 | 0 | _aEl Museo de la Catedral de Siena | |
| 902 | _aGRL | ||
| 942 |
_2lcc _cB |
||
| 999 |
_c10002 _d10002 |
||